000
00314 a2200145 4500
001
152978
040
_c
Escola São Tomás de Aquino
100
_a
GRINBERG, Keila
240
1
0
_a
Jornal do Brasil
_l
por
245
1
0
_a
Jornal do Brasil
300
_a
31
440
1
_a
Dimensão
697
_a
HISTÓRIA
942
_c
BK
999
_c
152978
_d
152978